| 000 | 00599nam a2200205Ia 4500 | ||
|---|---|---|---|
| 008 | 140429s9999 xx 000 0 und d | ||
| 020 | _a9780240812359 | ||
| 050 |
_aP 96.A86 _b.F75 2010 |
||
| 100 | _aFriedmann, Anthony | ||
| 245 |
_aWriting for visual media / _cAnthony Friedman. |
||
| 250 | _a3rd ed. | ||
| 260 |
_aMassachusetts : _bFocal Press, _cc2010. |
||
| 300 |
_a399 p. : _bill. ; _c24 cm. |
||
| 500 | _aIncludes bibliographical references and index. | ||
| 521 | _aMA | ||
| 650 |
_aMass media _xAuthorship. |
||
| 650 | _aVisual communication. | ||
| 942 |
_kFOR _cBK |
||
| 999 |
_c115598 _d115598 |
||